000
00272nam a2200109Ia 4500
008
200302s9999 xx 000 0 und d
100
_a
Jill Entwistle
245
_a
Designing with Light Bars and Restaurants
260
_b
Roto Vision S A
260
_c
1999
300
_a
160 P.,
999
_c
2114
_d
2114